Sobre la libertad / (Record no. 169543)
[ view plain ]
| 000 -LEADER | |
|---|---|
| campo de control de longitud fija | 00718nam a22002175i 4500 |
| 001 - NÚMERO DE CONTROL | |
| campo de control | 169543 |
| 003 - IDENTIFICADOR DE NÚMERO DE CONTROL | |
| campo de control | ES-MaACL |
| 005 - FECHA Y HORA DE LA ÚLTIMA TRANSACCIÓN | |
| campo de control | 20250920063110.0 |
| 008 - DATOS DE LONGITUD FIJA--INFORMACIÓN GENERAL | |
| campo de control de longitud fija | 081009s1977 sp |||| | spa d |
| 080 ## - NÚMERO DE LA CLASIFICACIÓN DECIMAL UNIVERSAL | |
| Número de la Clasificación Decimal Universal | 123.1 |
| 100 1# - ENTRADA PRINCIPAL--NOMBRE DE PERSONA | |
| Nombre de persona | Mill, John Stuart, |
| Fechas asociadas al nombre | 1806-1873 |
| 9 (RLIN) | 81119 |
| 245 10 - MENCIÓN DEL TÍTULO | |
| Título | Sobre la libertad / |
| Mención de responsabilidad, etc. | John Stuart Mill ; traducción de Josefa Sanz Pulido ; introducción de Antonio Rodríguez Huéscar. |
| 250 ## - MENCION DE EDICION | |
| Mención de edición | 1ª ed., 2ª reimp. |
| 260 ## - PUBLICACIÓN, DISTRIBUCIÓN, ETC. | |
| Lugar de publicación, distribución, etc. | [Madrid] : |
| Nombre del editor, distribuidor, etc. | Aguilar, |
| Fecha de publicación, distribución, etc. | 1977. |
| 300 ## - DESCRIPCIÓN FÍSICA | |
| Extensión | XXX, 170 p. ; |
| Dimensiones | 19 cm. |
| 650 14 - PUNTO DE ACCESO ADICIONAL DE MATERIA--TÉRMINO DE MATERIA | |
| Término de materia o nombre geográfico como elemento de entrada | Libertad. |
| 9 (RLIN) | 14400 |
| 700 1# - ENTRADA AGREGADA--NOMBRE PERSONAL | |
| Nombre de persona | Sanz Pulido, Josefa. |
| 9 (RLIN) | 138676 |
| 700 1# - ENTRADA AGREGADA--NOMBRE PERSONAL | |
| Nombre de persona | Rodríguez Huéscar, Antonio. |
| 9 (RLIN) | 98579 |
| 852 ## - LOCALIZACIÓN | |
| Ubicación | ES-MaACL |
| Número de control de estantería | A-7828 |
| Estatus retirado | Estado de pérdida | Estado de daño | No para préstamo | Biblioteca de origen | Biblioteca actual | Ubicación en estantería | Fecha de adquisición | Fuente de adquisición | Total de préstamos | Signatura topográfica completa | Código de barras | Visto por última vez | Precio de reemplazo | Tipo de ítem Koha |
|---|---|---|---|---|---|---|---|---|---|---|---|---|---|---|
| Biblioteca del Ateneo de Madrid | Biblioteca del Ateneo de Madrid | Sala Pecera Planta 1 | 09/10/2008 | A-7828 | 1177991 | 23/02/2023 | 23/02/2023 | Libro impreso |
